ARRUPE JESUIT UNIVERSITY

CORONAVIRUS -STOP THE SPREAD - CLEAN,DISINFECT,COVER

To be a machine : (Record no. 131003)

MARC details
000 -LEADER
fixed length control field 01711cam a2200373 i 4500
001 - CONTROL NUMBER
control field 19333923
003 - CONTROL NUMBER IDENTIFIER
control field ARRUPE
005 - DATE AND TIME OF LATEST TRANSACTION
control field 20211027112931.0
008 - FIXED-LENGTH DATA ELEMENTS--GENERAL INFORMATION
fixed length control field 161013s2017 nyu b 000 0 eng
010 ## - LIBRARY OF CONGRESS CONTROL NUMBER
LC control number 2016021725
020 ## - INTERNATIONAL STANDARD BOOK NUMBER
International Standard Book Number 9780385540414 (hardback)
020 ## - INTERNATIONAL STANDARD BOOK NUMBER
Cancelled/invalid ISBN 9780385540421 (eBook)
040 ## - CATALOGING SOURCE
Original cataloging agency DLC
Language of cataloging eng
Transcribing agency DLC
Description conventions rda
Modifying agency DLC
042 ## - AUTHENTICATION CODE
Authentication code pcc
050 00 - LIBRARY OF CONGRESS CALL NUMBER
Classification number B821
Item number .O365 2016
082 00 - DEWEY DECIMAL CLASSIFICATION NUMBER
Classification number 306.4/61
Edition number 23
084 ## - OTHER CLASSIFICATION NUMBER
Classification number COM004000
-- SCI010000
-- COM079010
Source of number bisacsh
300 ## - PHYSICAL DESCRIPTION
Dimensions 24 cm
100 1# - MAIN ENTRY--PERSONAL NAME
Personal name O'Connell, Mark,
Dates associated with a name 1979-
Relator term author.
9 (RLIN) 50732
245 10 - TITLE STATEMENT
Title To be a machine :
Remainder of title adventures among cyborgs, utopians, hackers, and the futurists solving the modest problem of death /
Statement of responsibility, etc Mark O'Connell.
250 ## - EDITION STATEMENT
Edition statement First edition.
300 ## - PHYSICAL DESCRIPTION
Extent 241 pages ;
504 ## - BIBLIOGRAPHY, ETC. NOTE
Bibliography, etc Includes bibliographical references.
520 ## - SUMMARY, ETC.
Summary, etc "A globe-spanning investigation into the Transhumanist movement, considering the tech billionaires, scientific luminaries, and DIY body-hackers attempting to prolong, improve, and ultimately transcend the limits of human life"--
650 #0 - SUBJECT ADDED ENTRY--TOPICAL TERM
Topical term or geographic name as entry element Humanism.
650 #0 - SUBJECT ADDED ENTRY--TOPICAL TERM
Topical term or geographic name as entry element Medical technology
General subdivision Social aspects.
9 (RLIN) 50733
650 #0 - SUBJECT ADDED ENTRY--TOPICAL TERM
Topical term or geographic name as entry element Technological innovations
General subdivision Social aspects.
9 (RLIN) 41827
650 #0 - SUBJECT ADDED ENTRY--TOPICAL TERM
Topical term or geographic name as entry element Prosthesis
General subdivision Social aspects.
9 (RLIN) 50734
650 #7 - SUBJECT ADDED ENTRY--TOPICAL TERM
Topical term or geographic name as entry element COMPUTERS / Intelligence (AI) & Semantics.
Source of heading or term bisacsh
9 (RLIN) 50735
650 #7 - SUBJECT ADDED ENTRY--TOPICAL TERM
Topical term or geographic name as entry element SCIENCE / Biotechnology.
Source of heading or term bisacsh
9 (RLIN) 50736
650 #7 - SUBJECT ADDED ENTRY--TOPICAL TERM
Topical term or geographic name as entry element COMPUTERS / Social Aspects / Human-Computer Interaction.
Source of heading or term bisacsh
9 (RLIN) 50737
906 ## - LOCAL DATA ELEMENT F, LDF (RLIN)
a 7
b cbc
c orignew
d 1
e ecip
f 20
g y-gencatlg
942 ## - ADDED ENTRY ELEMENTS (KOHA)
Source of classification or shelving scheme Library of Congress Classification
Koha item type Monograph ( Printed materials)
Holdings
Withdrawn status Lost status Source of classification or shelving scheme Damaged status Not for loan Collection code Home library Current library Shelving location Date acquired Total Checkouts Full call number Barcode Date last seen Price effective from Koha item type
    Library of Congress Classification     Main Collection ARRUPE LIBRARY ARRUPE LIBRARY Main Collection 27/10/2021   B821 .O365 2016 46600006981 27/10/2021 27/10/2021 Monograph ( Printed materials)

 

Arrupe Library. PO Box MP320 Mt Pleasant, Harare, Zimbabwe
263 242 745411|librarian@aju.ac.zw